Statistics for Tourist Attractions in the United Kingdom!

Click here to take the quiz!

General Stats

  • This quiz has been taken 32 times
  • The average score is 5 of 10

Answer Stats

City Answer % Correct
LondonLondon Eye
83%
LondonBuckingham Palace
70%
WiltshireStonehenge
67%
LondonBig Ben
60%
LondonTower of London
53%
LondonTower Bridge
53%
LondonBritish Museum
37%
LondonRiver Thames
20%
LondonHyde Park
17%
North-Central ScotlandScottish Highlands
10%

Score Distribution

Percentile by Number Answered

Percent of People with Each Score

Your Score History

You have not taken this quiz